[Event "Panagiotis Apergis op"]
[Site "Ano Liosia"]
[Date "2007.05.11"]
[Round "6"]
[White "Kampitsis, Vasilios"]
[Black "Kesoglou, Konstantinos"]
[Result "0-1"]
[WhiteElo "1978"]
[BlackElo "2065"]
[PlyCount "80"]
[EventDate "2007.04.24"]
[EventType "swiss"]
[EventRounds "7"]
[EventCountry "GRE"]
[SourceTitle "EXT 2008"]
[Source "ChessBase"]
[SourceDate "2007.11.25"]
[SourceVersion "1"]
[SourceVersionDate "2007.11.25"]
[SourceQuality "1"]

1. c4 g6 2. Nc3 Bg7 3. Nf3 d6 4. g3 e5 5. d3 Ne7 6. Bg2 0-0 7. 0-0 c6 8. Rb1 d5 9. Nd2 dxc4 10. Nxc4 Be6 11. b4 Nd5 12. Ne4 b5 13. Na5 Na6 14. Bd2 Naxb4 15. Nb7 Qe7 16. Nbc5 a5 17. a3 Na6 18. Nxe6 Qxe6 19. Bxa5 Qe7 20. Qb3 Nb8 21. Bb4 Nxb4 22. axb4 Kh8 23. Rfc1 f5 24. Nc5 Re8 25. Ra1 Rxa1 26. Rxa1 e4 27. Ra8 Bd4 28. dxe4 Bxc5 29. Qc3+ Kg8 30. bxc5 fxe4 31. Bh3 Qb7 32. Qa1 Qg7 33. Qa5 Qf6 34. Qc7 Rf8 35. Kh1 Qf7 36. Qd6 Qxf2 37. Be6+ Kg7 38. Qe5+ Kh6 39. Qa1 Qxe2 40. Ra7 Rf1+ 0-1

[Event "Ambelokipi op 76th"]
[Site "Athens"]
[Date "2007.03.22"]
[Round "4"]
[White "Petousis, Konstantinos"]
[Black "Kampitsis, Vasilios"]
[Result "0-1"]
[WhiteElo "1853"]
[BlackElo "2006"]
[PlyCount "36"]
[EventDate "2007.03.13"]
[EventType "swiss"]
[EventRounds "7"]
[EventCountry "GRE"]
[SourceTitle "EXT 2008"]
[Source "ChessBase"]
[SourceDate "2007.11.25"]
[SourceVersion "1"]
[SourceVersionDate "2007.11.25"]
[SourceQuality "1"]

1. e4 d6 2. d4 Nf6 3. Nc3 g6 4. Bg5 Bg7 5. e5 Ng8 6. exd6 cxd6 7. Qd2 Nc6 8. 0-0-0 Nxd4 9. h4 Bf5 10. Bd3 Rc8 11. h5 Qa5 12. hxg6 Nb3+ 13. cxb3 Bxc3 14. gxf7+ Kxf7 15. bxc3 Bxd3 16. Qf4+ Bf5 17. Ne2 Rxc3+ 18. Kd2 Rd3+ 0-1